Diritto e persone. Studi su origine e attualità del sistema romano.

Сохранить в:
Библиографические подробности
Главный автор: Catalano, Pierangelo (autore)
Формат:
Опубликовано: Torino, Italia: G. Giappichelli, 1990.
Предметы:
Метки: Добавить метку
Нет меток, Требуется 1-ая метка записи!

MARC

LEADER 00000nam a2200000 a 4500
001 UCR0931
003 CL-VaPUC
005 20220822114513.0
008 220620b1990 ||||| |||| 00| 0 eng d
999 |c 436147  |d 436145 
020 |a 978-8834800782 
040 |c Pontificia Universidad Católica de Valparaíso 
082 7 |a 340.54 CAT 1990  |2 22 
100 |a Catalano, Pierangelo  |e autore  |9 397578 
245 |a Diritto e persone.  |b Studi su origine e attualità del sistema romano. 
260 |a Torino, Italia:  |b G. Giappichelli,  |c 1990. 
300 |a v. I, 221 páginas.  
500 |a c.1 Donación Familia Prof. Alejandro Guzmán Brito. 
583 |a last modification  |c 19971205 00:00:00  |k Cristina María Rojas Aguilar 
650 |a Personas jurídicas   |x Derecho romano  |9 870967 
942 |c BK  |2 ddc  |n 0 
952 |0 0  |1 0  |2 ddc  |4 0  |6 340_540000000000000_CAT_1990  |7 0  |8 C_AGB  |9 583886  |a BIBDER  |b BIBDER  |d 2022-06-20  |e Donación   |h v.I  |i 5651999  |o 340.54 CAT 1990  |p 5651999  |r 2023-01-25  |t 1  |w 2022-06-20  |y BK_US  |k AGB